header

Success with struggling readers (Record no. 249475)

MARC details
000 -LEADER
fixed length control field 01441nam a22003494a 4500
082 04 - DEWEY DECIMAL CLASSIFICATION NUMBER
Classification number 372.43
100 1# - MAIN ENTRY--AUTHOR NAME
Personal name Gaskins, Irene West.
245 10 - TITLE STATEMENT
Title Success with struggling readers
260 ## - PUBLICATION, DISTRIBUTION, ETC. (IMPRINT)
Place of publication New York :
Name of publisher Guilford Press,
Year of publication c2005.
300 ## - PHYSICAL DESCRIPTION
Number of Pages xix, 264 p. :
Other physical details ill.
490 1# - SERIES STATEMENT
Series statement Solving problems in the teaching of literacy
650 #0 - SUBJECT ADDED ENTRY--TOPICAL TERM
Topical Term Reading
856 40 - ELECTRONIC LOCATION AND ACCESS
Uniform Resource Identifier http://site.ebrary.com/lib/rucke/Doc?id=10172296

No items available.

© 2026 Rongo University
Contact us: librarian | system librarian | Rongo university